00341nam a2200133Ia 4500008004100000020001800041041000800059082001600067100002100083245004600104250000600150260003900156300001200195210716s2016 xx 000 0 und d a9789332570023 aeng a153.94 SINN aSinha, Nishit K. aVerbal ability and reading comprehension. a3 aNew DelhibPearson Educationc2016 axvi,638